Statistics for All Air Canada Destinations (2024)

Click here to take the quiz!

General Stats

  • This quiz has been taken 282 times
    (61 since last reset)
  • The average score is 135 of 191

Answer Stats

CountryDestination% Correct
GreeceAthens
100%
ColombiaBogota
100%
IrelandDublin
100%
Hong KongHong Kong
100%
CanadaLondon
100%
United KingdomLondon (Heathrow)
100%
MexicoMexico City
100%
GermanyMunich
100%
JapanOsaka
100%
FranceParis
100%
ChileSantiago de Chile
100%
ChinaShanghai
100%
Australia | CanadaSydney
100%
JapanTokyo (Haneda)
100%
JapanTokyo (Narita)
100%
CanadaVancouver
100%
AlgeriaAlgiers
98%
NetherlandsAmsterdam
98%
New ZealandAuckland
98%
ThailandBangkok
98%
United StatesBoston
98%
AustraliaBrisbane
98%
ArgentinaBuenos Aires
98%
EgyptCairo
98%
United Arab EmiratesDubai
98%
GermanyFrankfurt
98%
United StatesHouston
98%
PortugalLisbon
98%
SpainMadrid
98%
ItalyMilan (Malpensa)
98%
IndiaNew Delhi
98%
United StatesNew York (JFK)
98%
United StatesNew York (LGA)
98%
PanamaPanama City
98%
IcelandReykjavik
98%
ItalyRome
98%
United StatesSan Francisco
98%
Costa Rica | United StatesSan Jose
98%
BrazilSao Paulo
98%
United StatesSeattle / Tacoma
98%
South KoreaSeoul
98%
SingaporeSingapore
98%
SwedenStockholm
98%
IsraelTel Aviv
98%
CanadaToronto (YTZ)
98%
CanadaToronto (YYZ)
98%
AustriaVienna
98%
United StatesAtlanta
95%
SpainBarcelona
95%
BelgiumBrussels
95%
CanadaCalgary
95%
MexicoCancun
95%
MoroccoCasablanca
95%
DenmarkCopenhagen
95%
CanadaEdmonton
95%
SwitzerlandGeneva
95%
JamaicaKingston
95%
United StatesLas Vegas
95%
United StatesMiami
95%
CanadaMontreal
95%
BahamasNassau
95%
United StatesOrlando
95%
United StatesPhiladelphia
95%
United StatesPortland (Oregon)
95%
SwitzerlandZurich
95%
United StatesAustin
93%
HungaryBudapest
93%
United StatesDenver
93%
United KingdomEdinburgh
93%
IndiaMumbai
93%
United StatesDallas (DFW)
90%
United StatesDetroit
90%
United StatesLos Angeles
90%
FranceLyon
90%
United KingdomManchester
90%
United StatesMinneapolis
90%
CanadaOttawa
90%
United StatesPhoenix
90%
United StatesSan Diego
90%
United StatesTampa
90%
ItalyVenice
90%
United StatesCharlotte
88%
United StatesChicago (O'Hare)
88%
FranceNice
88%
United StatesWashington (Dulles)
88%
United StatesWashington (Reagan)
88%
Antigua & BarbudaAntigua
86%
CanadaQuebec City
86%
BarbadosBarbados
83%
United StatesNew Orleans
83%
CanadaSaint John (New Brunswick)
83%
St. LuciaSaint Lucia
83%
CanadaSt. John's (Newfoundland)
83%
BelizeBelize City
81%
United StatesNewark
81%
Dominican RepublicPunta Cana
81%
St. Kitts & NevisSaint Kitts
81%
St. Vincent & GrenadinesSaint Vincent
81%
United StatesSalt Lake City
81%
United StatesCincinnati
79%
GrenadaGrenada
79%
CanadaHalifax
79%
JamaicaMontego Bay
79%
United StatesNashville
79%
United StatesPittsburgh
79%
CanadaWinnipeg
79%
United StatesHonolulu
76%
United StatesSt. Louis
76%
FranceToulouse
76%
NetherlandsAruba
74%
United StatesCleveland
74%
United StatesIndianapolis
74%
United StatesKansas City
74%
NetherlandsSint Maarten
74%
CanadaVictoria
74%
United StatesBaltimore (BWI)
71%
United StatesColumbus
71%
United StatesAnchorage
69%
MexicoMonterrey
69%
MexicoSan Jose del Cabo
69%
CanadaWhitehorse
67%
NetherlandsCuracao
64%
United StatesRaleigh / Durham
64%
United StatesSacramento
64%
United KingdomBermuda
62%
United StatesFort Lauderdale
62%
CanadaSaskatoon
62%
MexicoPuerto Vallarta
60%
CanadaRegina
60%
CanadaThunder Bay
60%
CanadaYellowknife
60%
CanadaKelowna
57%
Costa RicaLiberia
57%
CubaVaradero
52%
Dominican RepublicPuerto Plata
50%
CanadaWindsor
50%
FranceFort-de-France
48%
United StatesFort Myers
48%
CanadaFredericton
48%
CanadaMoncton
48%
CanadaSault Ste. Marie
48%
CanadaCharlottetown
43%
CanadaFort McMurray
43%
United StatesHartford
43%
CanadaKamloops
43%
CanadaSudbury
43%
MexicoCozumel
40%
CubaHolguin
40%
United StatesKailua / Kona
40%
CanadaNanaimo
40%
CubaCayo Coco
36%
United KingdomGrand Cayman
36%
United StatesKahului
36%
Dominican RepublicLa Romana
33%
CanadaPrince George
33%
CubaSanta Clara
33%
United StatesWest Palm Beach
33%
CanadaGander
31%
CanadaPrince Rupert
31%
United StatesSarasota / Bradenton
31%
MexicoTulum
31%
United KingdomProvidenciales
29%
CanadaTimmins
29%
United StatesPalm Springs
26%
FrancePointe-a-Pitre
26%
CanadaComox
24%
CanadaDeer Lake
24%
MexicoIxtapa / Zihuatanejo
24%
CanadaNorth Bay
24%
United StatesSanta Ana
24%
CanadaHappy Valley / Goose Bay
21%
CanadaSaguenay
21%
CanadaFort St. John
19%
Dominican RepublicSamana
19%
CanadaCranbrook
17%
CanadaGrande Prairie
17%
MexicoHuatulco
17%
CanadaSandspit
17%
CanadaTerrace
17%
CanadaRouyn - Noranda
14%
CanadaSept - Iles
14%
CanadaBathurst
12%
CanadaCastlegar
12%
CanadaPenticton
12%
BahamasGreat Exuma
10%
BahamasSan Salvador Island
10%
CanadaSmithers
10%
United StatesCharleson
2%
CanadaLes Iles-de-la-Madeleine
2%

Score Distribution

Percentile by Number Answered

Percent of People with Each Score

Your Score History

You have not taken this quiz since the last reset